Vincitori UEFA Europa League - Morte improvvisa - Statistics

Statistiche generali
  • Questo quiz è stato fatto 713 volte
    29 dall'ultimo reset
  • Il punteggio medio è 7 su 31
Answers on the Grid
Answers color-coded by a green-red scale on the quiz's grid according to % correct below.
Ajax
Alavés
Amburgo
Anderlecht
Arsenal
Atalanta
Athletic Bilbao
Atlético Madrid
AZ Alkmaar
Barcellona
Aston Villa
Bayer Leverkusen
Bayern Monaco
Benfica
Bordeaux
Borussia Dortmund
Borussia M'gladbach
Braga
Brescia
Celtic
Chelsea
Club Bruges
Colonia
CSKA Mosca
Dnipro
Dundee Utd
Eintracht Francoforte
Espanyol
Feyenoord
Fiorentina
Fulham
Galatasaray
IFK Göteborg
Inter
Ipswich Town
Juventus
Lazio
Liverpool
Manchester Utd
Middlesbrough
Napoli
Olympique Marsiglia
Parma
Porto
PSV
Rangers
Real Madrid
Roma
Šachtar
Salisburgo
Schalke 04
Siviglia
Sporting Lisbona
Stella Rossa
Stoccarda
Torino
Tottenham
Twente
Valencia
Valencia
Videoton
Villarreal
Werder Brema
Wolverhampton
Zenit San Pietroburgo
 
Statistiche sulle risposte
Risposta % Corretto
Parma
60%
Juventus
53%
Chelsea
47%
Atlético Madrid
33%
Eintracht Francoforte
33%
Inter
33%
Tottenham
33%
Ajax
27%
Atalanta
27%
Manchester Utd
27%
Porto
27%
Aston Villa
20%
Bayer Leverkusen
20%
Bayern Monaco
20%
Feyenoord
20%
Liverpool
20%
Siviglia
20%
Valencia
20%
Zenit San Pietroburgo
20%
Anderlecht
13%
Real Madrid
13%
Šachtar
13%
Schalke 04
13%
Villarreal
13%
Borussia M'gladbach
7%
CSKA Mosca
7%
Galatasaray
7%
IFK Göteborg
7%
Napoli
7%
PSV
7%
Ipswich Town
0%
Nessun quiz corrispondente trovato
Distribuzione punteggi
Percentuale di utenti per punteggio
Percentile per numero di risposta
I tuoi punteggi nel tempo
Non hai fatto questo quiz dall'ultimo reset